Riconosci il Pokémon - Quiz n°402 - Statistics

Statistiche generali
  • Questo quiz è stato fatto 2 volte
  • Il punteggio medio è 10 su 10
Statistiche sulle risposte
Indizio Risposta % Corretto
Altezza 0,4 m
100%
Peso 10,2 kg
100%
Tasso di cattura 45 (11.9%)
100%
Sesso 87.5% ♂, 12.5% ♀
100%
Tipo Erba
100%
Abilità Erbaiuto; Guscioscudo
100%
Stadio evoluzione Forma Base
100%
Tasso di allevamento Medio-Lento
100%
Generazione Quarta
100%
Pokémon Turtwig
100%
Nessun quiz corrispondente trovato
Distribuzione punteggi
Percentuale di utenti per punteggio
Percentile per numero di risposta
I tuoi punteggi nel tempo
Non hai fatto questo quiz